| 000 | 00746nam a2200229 i 4500 | ||
|---|---|---|---|
| 001 | 60081 | ||
| 003 | ES-MaACL | ||
| 005 | 20250808080033.0 | ||
| 007 | t| | ||
| 008 | 031103s1986 sp l |||| | spa d | ||
| 020 | _a84-309-1229-0 | ||
| 245 | 0 | 0 |
_aAdministraciones públicas de las comunidades autónomas / _cedición preparada por José María García Madaria. |
| 260 |
_aMadrid : _bTecnos, _c[1986] |
||
| 300 |
_a819 p. ; _c22 cm. |
||
| 490 | 1 |
_aLegislación administrativa ; _v5 |
|
| 500 | _aIndice. | ||
| 650 | 7 |
_aDerecho administrativo autonómico _2embne _9170702 |
|
| 700 | 1 |
_aGarcía Madaria, José María. _954874 |
|
| 830 | 0 |
_aLegislación administrativa ; _v5 _9182698 |
|
| 852 |
_aES-MaACL _jL-10061 |
||
| 999 |
_c60081 _d60081 |
||